| 000 | 01242nam a22002537a 4500 | ||
|---|---|---|---|
| 005 | 20100724110050.0 | ||
| 010 | _aHIN-89807 | ||
| 020 |
_a9788170287766 _c85.00 |
||
| 035 | _aHN-62153 | ||
| 037 | _bDBAD/PUB | ||
| 082 | _a822 | ||
| 100 |
_aकालिदास _91152 |
||
| 245 |
_aविक्रमोर्वशी और मालविकाग्निमित्र / _cकालिदास; विराज द्वारा रूपान्तरित |
||
| 246 |
_aVikramorvarshi Aur Malvikagnimitra _bby Kalidas |
||
| 260 |
_aदिल्ली _bराजपाल एण्ड सन्ज _c2009 |
||
| 270 |
_aकश्मीरी गेट _bदिल्ली _e110006 _mmail@rajpalpublishing.com |
||
| 300 |
_a152पृ. _c22सेमी (अजिल्द) |
||
| 500 | _aसुप्रसिद्द संस्कृत नाटकों का हिन्दी रूपान्तर | ||
| 650 | _bहिन्दी नाटक | ||
| 650 | _aHindi Drama | ||
| 700 |
_aविराज _91143 |
||
| 942 |
_2ddc _cHN _h822 _mकालिदा |
||
| 999 |
_c37489 _d37489 |
||